000 nam a22 7a 4500
999 _c8401
_d8401
008 180116b ||||| |||| 00| 0 eng d
100 _aThomas.M.
_94809
245 _aJoy of Grammar
260 _aNew Delhi
_bAngelin
_c2008